El teorema de Rybczynki con funciones de producción de coeficientes fijos
Guardado en:
| Autor principal: | |
|---|---|
| Formato: | Desconocido |
| Aporte de: | Registro referencial: Solicitar el recurso aquí |
| LEADER | 00360 a2200109 4500 | ||
|---|---|---|---|
| 001 | ART_23949 | ||
| 005 | 20260410161933.0 | ||
| 008 | 260409a | ||
| 245 | 1 | 0 | |a El teorema de Rybczynki con funciones de producción de coeficientes fijos |
| 100 | 1 | |a Pablo, Juan Carlos de | |
| 773 | 0 | |t Informe |g - Año VIII, Nº 49 (oct./dic. 1976) |w REV23765 | |
| 999 | |c 28751 |d 28751 | ||